[Event "Botvinnik Cup 2018"]
[Site "Moscow"]
[Date "2018.08.11"]
[Round "4"]
[White "Komliakov, Viktor"]
[Black "Atakishiyev, Elmar"]
[Result "1-0"]
[WhiteElo "2366"]
[BlackElo "2198"]
[Annotator "NA"]
[PlyCount "87"]
[EventDate "2018.08.10"]
[EventCountry "RUS"]
[SourceTitle "playchess.com"]
[Source "ChessBase"]
[SourceQuality "1"]
[TimeControl "5400+30"]

1. e4 {[%emt 0:00:00]} e6 {[%emt 0:02:20]} 2. f4 {[%emt 0:00:05]} d5 {[%emt 0:00:22]} 3. e5 {[%emt 0:00:05]} c5 {[%emt 0:00:04]} 4. Nf3 {[%emt 0:01:23]} Nc6 {[%emt 0:00:06]} 5. c3 {[%emt 0:00:10]} a6 {[%emt 0:00:22]} 6. Na3 {[%emt 0:00:58]} b5 {[%emt 0:00:25]} 7. d4 {[%emt 0:09:33]} Qb6 {[%emt 0:01:57]} 8. Nc2 {[%emt 0:01:11]} a5 {[%emt 0:02:20]} 9. a3 {[%emt 0:06:59]} Ba6 {[%emt 0:02:34]} 10. dxc5 {[%emt 0:06:01]} Bxc5 {[%emt 0:01:22]} 11. b4 {[%emt 0:00:23]} Bf2+ {[%emt 0:10:05]} 12. Ke2 {[%emt 0:00:21]} Qa7 {[%emt 0:02:53]} 13. Nfd4 {[%emt 0:06:04]} Bxd4 {[%emt 0:02:07]} 14. cxd4 {[%emt 0:02:02]} Nge7 {[%emt 0:00:17]} 15. Be3 {[%emt 0:01:38]} Rc8 {[%emt 0:04:32]} 16. Kf3 {[%emt 0:10:45]} Nb8 {[%emt 0:01:19]} 17. Bd3 {[%emt 0:01:44]} Nd7 {[%emt 0:01:02]} 18. bxa5 {[%emt 0:10:32]} Qb7 {[%emt 0:05:05]} 19. Nb4 {[%emt 0:01:37]} Nc6 {[%emt 0:01:21]} 20. Nxa6 {[%emt 0:04:32]} Qxa6 {[%emt 0:00:20]} 21. a4 {[%emt 0:00:05]} Nxa5 {[%emt 0:01:15]} 22. Bxb5 {[%emt 0:01:51]} Qa7 {[%emt 0:00:21]} 23. Qd2 {[%emt 0:13:30]} O-O {[%emt 0:09:02]} 24. Qd3 {[%emt 0:02:01]} Nc4 {[%emt 0:01:13]} 25. Rhc1 {[%emt 0:00:58]} Na5 {[%emt 0:11:23]} 26. Kg3 {[%emt 0:00:49]} Nb6 {[%emt 0:00:51]} 27. Bd2 {[%emt 0:00:35]} Nbc4 {[%emt 0:02:40]} 28. Bb4 {[%emt 0:01:01]} Rfd8 {[%emt 0:00:38]} 29. Rab1 {[%emt 0:02:06]} h6 {[%emt 0:00:53]} 30. h3 {[%emt 0:01:17]} Rc7 {[%emt 0:06:54]} 31. Rc3 {[%emt 0:01:16]} Rdc8 {[%emt 0:01:12]} 32. Kh2 {[%emt 0:00:31]} Kh8 {[%emt 0:02:46]} 33. Bc5 {[%emt 0:01:54]} Rxc5 {[%emt 0:00:14]} 34. dxc5 {[%emt 0:00:04]} Qxc5 {[%emt 0:00:03]} 35. Rcc1 {[%emt 0:00:49]} Qf2 {[%emt 0:01:25]} 36. Rf1 {[%emt 0:00:33]} Qa2 {[%emt 0:01:04]} 37. Rbc1 {[%emt 0:02:32]} Qb2 {[%emt 0:02:44]} 38. Qc3 {[%emt 0:00:40]} Qe2 {[%emt 0:01:52]} 39. Rf3 {[%emt 0:02:59]} Rb8 {[%emt 0:01:16]} 40. Qxa5 {[%emt 0:02:41]} Qxf3 {[%emt 0:00:27]} 41. Rxc4 {[%emt 0:00:10]} Qe3 {[%emt 0:00:17]} 42. Qc3 {[%emt 0:00:10]} Qf2 {[%emt 0:00:05]} 43. Qd4 {[%emt 0:00:27]} Qe1 {[%emt 0:00:31]} 44. Rc7 {[%emt 0:00:23]} 1-0

[Event "Botvinnik Cup 2018"]
[Site "Moscow"]
[Date "2018.08.11"]
[Round "4"]
[White "Egin, Vladimir"]
[Black "Degenbaev, Aziz"]
[Result "0-1"]
[WhiteElo "2317"]
[BlackElo "1605"]
[Annotator "NA"]
[PlyCount "84"]
[EventDate "2018.08.10"]
[EventCountry "RUS"]
[SourceTitle "playchess.com"]
[Source "ChessBase"]
[SourceQuality "1"]
[TimeControl "5400+30"]

1. e4 {[%emt 0:00:00]} c5 {[%emt 0:00:00]} 2. Nf3 {[%emt 0:00:00]} d6 {[%emt 0:00:00]} 3. Bb5+ {[%emt 0:00:00]} Bd7 {[%emt 0:00:00]} 4. Bxd7+ {[%emt 0:00:00]} Nxd7 {[%emt 0:00:30]} 5. O-O {[%emt 0:00:00]} e6 {[%emt 0:01:37]} 6. b3 {[%emt 0:01:37]} Ngf6 {[%emt 0:02:38]} 7. Qe2 {[%emt 0:00:09]} Be7 {[%emt 0:06:55]} 8. Bb2 {[%emt 0:00:18]} O-O {[%emt 0:05:36]} 9. c4 {[%emt 0:00:04]} Rc8 {[%emt 0:07:40]} 10. d4 {[%emt 0:00:17]} cxd4 {[%emt 0:01:31]} 11. Nxd4 {[%emt 0:00:13]} Nc5 {[%emt 0:06:42]} 12. Nc3 {[%emt 0:05:39]} e5 {[%emt 0:16:03]} 13. Nf5 {[%emt 0:01:13]} Ne6 {[%emt 0:02:15]} 14. Rad1 {[%emt 0:01:24]} g6 {[%emt 0:06:59]} 15. Nxe7+ {[%emt 0:02:19]} Qxe7 {[%emt 0:00:01]} 16. Nb5 {[%emt 0:00:17]} Rfd8 {[%emt 0:02:53]} 17. Ba3 {[%emt 0:05:28]} Ne8 {[%emt 0:03:36]} 18. Nxa7 {[%emt 0:00:45]} Rc7 {[%emt 0:05:30]} 19. Nb5 {[%emt 0:00:11]} Rcd7 {[%emt 0:00:34]} 20. g3 {[%emt 0:00:21]} f5 {[%emt 0:09:13]} 21. exf5 {[%emt 0:17:18]} gxf5 {[%emt 0:00:19]} 22. Qh5 {[%emt 0:00:46]} f4 {[%emt 0:03:49]} 23. Rfe1 {[%emt 0:04:08]} Qf6 {[%emt 0:01:41]} 24. Nc3 {[%emt 0:01:19]} N8g7 {[%emt 0:01:56]} 25. Qg4 {[%emt 0:00:52]} h5 {[%emt 0:02:23]} 26. Ne4 {[%emt 0:03:14]} Qf7 {[%emt 0:02:43]} 27. Qh4 {[%emt 0:02:31]} Nf5 {[%emt 0:02:46]} 28. Qf6 {[%emt 0:02:57]} Ned4 {[%emt 0:02:38]} 29. Bb2 {[%emt 0:03:21]} Nf3+ {[%emt 0:01:06]} 30. Kh1 {[%emt 0:00:10]} Nxe1 {[%emt 0:00:25]} 31. Rxe1 {[%emt 0:00:03]} Rf8 {[%emt 0:01:04]} 32. Qg5+ {[%emt 0:00:36]} Ng7 {[%emt 0:00:12]} 33. Kg1 {[%emt 0:02:17]} fxg3 {[%emt 0:01:03]} 34. hxg3 {[%emt 0:00:22]} Kh7 {[%emt 0:01:47]} 35. Qd2 {[%emt 0:03:29]} Ne6 {[%emt 0:00:43]} 36. Qd3 {[%emt 0:04:54]} Kg8 {[%emt 0:01:06]} 37. Rd1 {[%emt 0:00:21]} Nc5 {[%emt 0:01:34]} 38. Nxc5 {[%emt 0:00:52]} Qxf2+ {[%emt 0:00:11]} 39. Kh1 {[%emt 0:00:41]} Qxc5 {[%emt 0:00:01]} 40. Qg6+ {[%emt 0:00:09]} Rg7 {[%emt 0:00:11]} 41. Qe6+ {[%emt 0:06:58]} Kh7 {[%emt 0:01:09]} 42. Qh3 {[%emt 0:00:24]} Qf2 {[%emt 0:00:23]} 0-1

[Event "Botvinnik Cup 2018"]
[Site "Moscow"]
[Date "2018.08.11"]
[Round "4"]
[White "Egin, Vladimir"]
[Black "Sezdbekova, Aizhan"]
[Result "1-0"]
[WhiteElo "2317"]
[BlackElo "1226"]
[Annotator "NA"]
[PlyCount "81"]
[EventDate "2018.08.10"]
[EventCountry "RUS"]
[SourceTitle "playchess.com"]
[Source "ChessBase"]
[SourceQuality "1"]
[TimeControl "5400+30"]

1. e4 {[%emt 0:00:00]} e5 {[%emt 0:00:00]} 2. Nf3 {[%emt 0:00:00]} Nc6 {[%emt 0:00:18]} 3. Nc3 {[%emt 0:00:00]} Bc5 {[%emt 0:00:50]} 4. Nxe5 {[%emt 0:00:06]} Bxf2+ {[%emt 0:03:13]} 5. Kxf2 {[%emt 0:01:02]} Nxe5 {[%emt 0:00:19]} 6. d4 {[%emt 0:00:02]} Ng6 {[%emt 0:02:04]} 7. Be3 {[%emt 0:00:29]} d6 {[%emt 0:01:03]} 8. Be2 {[%emt 0:00:27]} Nf6 {[%emt 0:06:11]} 9. Rf1 {[%emt 0:02:25]} O-O {[%emt 0:02:26]} 10. Kg1 {[%emt 0:05:18]} h6 {[%emt 0:01:36]} 11. h3 {[%emt 0:07:59]} Be6 {[%emt 0:05:33]} 12. Bd3 {[%emt 0:01:25]} Nh7 {[%emt 0:23:14]} 13. Qe1 {[%emt 0:01:53]} Qd7 {[%emt 0:00:59]} 14. Qg3 {[%emt 0:05:07]} Qe7 {[%emt 0:21:11]} 15. Rae1 {[%emt 0:01:49]} Nf6 {[%emt 0:04:49]} 16. Qf2 {[%emt 0:16:02]} Nd7 {[%emt 0:02:48]} 17. d5 {[%emt 0:00:27]} Bxh3 {[%emt 0:00:33]} 18. gxh3 {[%emt 0:00:05]} Nde5 {[%emt 0:00:51]} 19. Qg3 {[%emt 0:04:35]} Kh8 {[%emt 0:00:29]} 20. Ne2 {[%emt 0:02:39]} Rac8 {[%emt 0:01:32]} 21. Nd4 {[%emt 0:08:07]} Qd7 {[%emt 0:01:49]} 22. Nf5 {[%emt 0:02:19]} Kh7 {[%emt 0:01:00]} 23. Bd4 {[%emt 0:09:47]} Rce8 {[%emt 0:08:04]} 24. h4 {[%emt 0:08:34]} f6 {[%emt 0:02:27]} 25. Be2 {[%emt 0:01:48]} Rd8 {[%emt 0:02:19]} 26. Kh2 {[%emt 0:06:11]} c5 {[%emt 0:00:11]} 27. dxc6 bxc6 {[%emt 0:00:11]} 28. Rg1 {[%emt 0:01:58]} Rg8 {[%emt 0:00:15]} 29. h5 {[%emt 0:05:32]} Nf8 {[%emt 0:00:25]} 30. Bxe5 {[%emt 0:01:18]} fxe5 {[%emt 0:00:17]} 31. Bc4 d5 32. Bd3 {[%emt 0:00:42]} d4 {[%emt 0:01:02]} 33. Bc4 Ne6 34. Qg6+ {[%emt 0:01:30]} Kh8 {[%emt 0:00:28]} 35. Bxe6 {[%emt 0:00:11]} Qc7 {[%emt 0:00:00]} 36. Bxg8 Rxg8 {[%emt 0:00:09]} 37. Nxh6 {[%emt 0:00:16]} Rf8 {[%emt 0:00:19]} 38. Nf5 {[%emt 0:01:15]} Rg8 {[%emt 0:00:09]} 39. h6 Qd8 {[%emt 0:00:14]} 40. hxg7+ {[%emt 0:00:34]} Rxg7 41. Qxg7# 1-0

[Event "Botvinnik Cup 2018"]
[Site "Moscow"]
[Date "2018.08.11"]
[Round "4"]
[White "Skatchkov, Valery"]
[Black "Paichadze, Luka"]
[Result "1/2-1/2"]
[WhiteElo "2305"]
[BlackElo "2564"]
[Annotator "ChessBase"]
[PlyCount "148"]
[EventDate "2018.08.10"]
[EventCountry "RUS"]
[SourceTitle "playchess.com"]
[Source "ChessBase"]
[SourceQuality "1"]
[TimeControl "5400+30"]

1. d4 {[%emt 0:00:00]} Nf6 {[%emt 0:00:00]} 2. c4 {[%emt 0:00:00]} e6 {[%emt 0:00:26]} 3. Nf3 {[%emt 0:00:00]} Nc6 {[%emt 0:00:33]} 4. a3 {[%emt 0:00:00]} d5 {[%emt 0:00:27]} 5. Nc3 {[%emt 0:00:00]} g6 {[%emt 0:00:20]} 6. e3 {[%emt 0:10:02]} Bg7 {[%emt 0:00:06]} 7. Bd3 {[%emt 0:03:40]} O-O {[%emt 0:01:38]} 8. O-O {[%emt 0:01:14]} Ne7 {[%emt 0:00:38]} 9. b4 {[%emt 0:03:34]} c6 {[%emt 0:03:33]} 10. Bb2 {[%emt 0:00:33]} b6 {[%emt 0:03:08]} 11. Qe2 {[%emt 0:08:15]} Ba6 {[%emt 0:01:43]} 12. Rfd1 {[%emt 0:02:23]} dxc4 {[%emt 0:00:56]} 13. Bxc4 {[%emt 0:00:17]} Bxc4 {[%emt 0:00:06]} 14. Qxc4 {[%emt 0:00:16]} Qc8 {[%emt 0:01:01]} 15. Rac1 {[%emt 0:07:27]} Qb7 {[%emt 0:00:52]} 16. e4 {[%emt 0:01:53]} Rfd8 {[%emt 0:05:46]} 17. Ba1 {[%emt 0:02:38]} Rac8 {[%emt 0:04:16]} 18. e5 {[%emt 0:04:09]} Ne8 {[%emt 0:00:07]} 19. Ne4 {[%emt 0:00:09]} Nd5 {[%emt 0:03:11]} 20. Bb2 {[%emt 0:05:28]} h6 {[%emt 0:02:12]} 21. h4 {[%emt 0:01:46]} Ne7 {[%emt 0:00:45]} 22. Bc3 {[%emt 0:01:43]} Rd7 {[%emt 0:00:31]} 23. Rd2 {[%emt 0:04:08]} Rcd8 {[%emt 0:01:41]} 24. Rcd1 {[%emt 0:00:33]} Nd5 {[%emt 0:07:07]} 25. Bb2 {[%emt 0:00:47]} Ne7 {[%emt 0:20:20]} 26. Rc1 {[%emt 0:03:48]} h5 {[%emt 0:03:35]} 27. Rdc2 {[%emt 0:04:29]} Rc7 {[%emt 0:02:04]} 28. Ra1 {[%emt 0:04:19]} Nf5 {[%emt 0:04:26]} 29. Bc3 {[%emt 0:04:10]} Bf8 {[%emt 0:01:26]} 30. a4 {[%emt 0:01:48]} Rd5 {[%emt 0:00:52]} 31. Rb1 {[%emt 0:03:30]} Qc8 {[%emt 0:06:36]} 32. Bd2 {[%emt 0:08:02]} Qd7 {[%emt 0:06:25]} 33. Bc3 {[%emt 0:02:35]} Be7 {[%emt 0:05:42]} 34. g3 {[%emt 0:00:41]} c5 {[%emt 0:00:19]} 35. bxc5 {[%emt 0:01:14]} bxc5 {[%emt 0:02:17]} 36. dxc5 {[%emt 0:00:44]} Bxc5 {[%emt 0:00:10]} 37. Qe2 {[%emt 0:02:31]} Rc8 {[%emt 0:00:45]} 38. Bb4 {[%emt 0:01:00]} Bxb4 {[%emt 0:01:15]} 39. Rxb4 {[%emt 0:00:05]} Kg7 {[%emt 0:01:08]} 40. Neg5 {[%emt 0:02:00]} a5 {[%emt 0:03:01]} 41. Rbc4 {[%emt 0:03:55]} Rb8 {[%emt 0:00:19]} 42. Rb2 {[%emt 0:00:52]} Rd1+ {[%emt 0:00:45]} 43. Kh2 {[%emt 0:01:15]} Rxb2 {[%emt 0:01:15]} 44. Qxb2 {[%emt 0:00:06]} Nh6 {[%emt 0:00:48]} 45. Qe2 {[%emt 0:01:13]} Ng4+ {[%emt 0:01:36]} 46. Kg2 {[%emt 0:00:05]} Rd5 {[%emt 0:00:34]} 47. Rf4 {[%emt 0:00:32]} Nh6 {[%emt 0:00:01]} 48. Qc2 {[%emt 0:01:38]} Nf5 {[%emt 0:00:27]} 49. Rc4 {[%emt 0:00:42]} Ne7 {[%emt 0:01:45]} 50. Rf4 {[%emt 0:00:10]} Nf5 {[%emt 0:00:12]} 51. Rc4 {[%emt 0:00:04]} Ne7 {[%emt 0:00:06]} 52. Qc3 {[%emt 0:01:03]} Rd1 {[%emt 0:00:27]} 53. Kh2 {[%emt 0:01:45]} Qb7 {[%emt 0:02:28]} 54. Rd4 {[%emt 0:01:10]} Rxd4 {[%emt 0:01:51]} 55. Qxd4 {[%emt 0:00:13]} Nd5 {[%emt 0:00:54]} 56. Kg2 {[%emt 0:00:44]} Nec7 {[%emt 0:00:35]} 57. Qc4 {[%emt 0:00:31]} Qb2 {[%emt 0:01:47]} 58. Qc5 {[%emt 0:00:26]} Qe2 {[%emt 0:00:02]} 59. Qa7 {[%emt 0:00:14]} Qc2 {[%emt 0:00:59]} 60. Qd4 {[%emt 0:00:27]} Qc6 {[%emt 0:00:16]} 61. Kg1 {[%emt 0:00:28]} Qb6 {[%emt 0:00:11]} 62. Qc4 {[%emt 0:00:13]} Na6 {[%emt 0:00:49]} 63. Qc8 {[%emt 0:00:11]} Nc5 {[%emt 0:00:06]} 64. Qe8 {[%emt 0:00:17]} Qb1+ {[%emt 0:00:55]} 65. Kg2 {[%emt 0:00:26]} Qb7 {[%emt 0:00:04]} 66. Kg1 {[%emt 0:01:05]} Nc3 {[%emt 0:01:14]} 67. Qd8 {[%emt 0:00:15]} N3xa4 {[%emt 0:00:59]} 68. Qf6+ {[%emt 0:00:57]} Kg8 {[%emt 0:00:01]} 69. Qd8+ {[%emt 0:00:08]} Kg7 {[%emt 0:00:02]} 70. Qf6+ {[%emt 0:00:05]} Kg8 {[%emt 0:00:02]} 71. Qd8+ {[%emt 0:00:05]} Kg7 {[%emt 0:00:04]} 72. Nh7 {[%emt 0:02:13]} Kxh7 {[%emt 0:02:05]} 73. Ng5+ {[%emt 0:00:04]} Kg7 {[%emt 0:00:01]} 74. Qf6+ {[%emt 0:00:05]} Kg8 {[%emt 0:00:02]} 1/2-1/2

[Event "Botvinnik Cup 2018"]
[Site "Moscow"]
[Date "2018.08.11"]
[Round "4"]
[White "Babazada, Khazar"]
[Black "Komliakov, Viktor"]
[Result "1/2-1/2"]
[WhiteElo "2229"]
[BlackElo "2366"]
[Annotator "NA"]
[PlyCount "83"]
[EventDate "2018.08.10"]
[EventCountry "RUS"]
[SourceTitle "playchess.com"]
[Source "ChessBase"]
[SourceQuality "1"]
[TimeControl "5400+30"]

1. d4 {[%emt 0:02:08]} d6 {[%emt 0:00:07]} 2. e4 {[%emt 0:00:16]} Nf6 {[%emt 0:00:08]} 3. Nc3 {[%emt 0:00:03]} c6 {[%emt 0:00:34]} 4. Nf3 {[%emt 0:01:57]} Bg4 {[%emt 0:00:32]} 5. Be3 {[%emt 0:01:11]} e6 {[%emt 0:00:11]} 6. h3 {[%emt 0:02:06]} Bh5 {[%emt 0:01:24]} 7. Bd3 {[%emt 0:02:52]} d5 {[%emt 0:00:19]} 8. e5 {[%emt 0:01:29]} Nfd7 {[%emt 0:01:35]} 9. Ne2 {[%emt 0:01:28]} Bxf3 {[%emt 0:10:31]} 10. gxf3 {[%emt 0:00:01]} c5 {[%emt 0:01:23]} 11. c3 {[%emt 0:00:03]} Nc6 {[%emt 0:00:38]} 12. a3 {[%emt 0:00:47]} a5 {[%emt 0:11:54]} 13. h4 {[%emt 0:03:57]} h5 {[%emt 0:02:37]} 14. Qa4 {[%emt 0:07:00]} c4 {[%emt 0:03:14]} 15. Bb1 {[%emt 0:00:05]} Rb8 {[%emt 0:00:19]} 16. Qc2 {[%emt 0:00:41]} b5 {[%emt 0:00:34]} 17. Bg5 {[%emt 0:02:42]} Be7 {[%emt 0:00:20]} 18. Rg1 {[%emt 0:00:16]} g6 {[%emt 0:00:24]} 19. Qc1 {[%emt 0:06:51]} Bxg5 {[%emt 0:00:42]} 20. Rxg5 {[%emt 0:01:04]} Ne7 {[%emt 0:02:48]} 21. Bc2 {[%emt 0:00:41]} Qb6 {[%emt 0:00:48]} 22. Kf1 {[%emt 0:01:29]} Kd8 {[%emt 0:07:36]} 23. Kg2 {[%emt 0:00:59]} Kc7 {[%emt 0:00:48]} 24. Kh2 {[%emt 0:00:09]} Ra8 {[%emt 0:05:55]} 25. Nf4 {[%emt 0:01:18]} Qc6 {[%emt 0:01:40]} 26. Rg1 {[%emt 0:00:36]} Nb6 {[%emt 0:06:10]} 27. Nh3 {[%emt 0:00:24]} Ng8 {[%emt 0:04:03]} 28. Qf4 {[%emt 0:03:03]} Qd7 {[%emt 0:01:36]} 29. Ng5 {[%emt 0:01:45]} Nh6 {[%emt 0:00:41]} 30. Qf6 {[%emt 0:01:43]} Qd8 {[%emt 0:01:16]} 31. Qxf7+ {[%emt 0:00:51]} Nxf7 {[%emt 0:00:05]} 32. Nxe6+ {[%emt 0:00:03]} Kb7 {[%emt 0:00:48]} 33. Nxd8+ {[%emt 0:00:13]} Raxd8 {[%emt 0:00:49]} 34. Rae1 {[%emt 0:01:24]} Rdf8 {[%emt 0:01:13]} 35. Rxg6 {[%emt 0:01:07]} Nd8 {[%emt 0:00:28]} 36. e6 {[%emt 0:00:57]} Nc6 {[%emt 0:01:15]} 37. e7 {[%emt 0:05:20]} Re8 {[%emt 0:01:40]} 38. Ree6 {[%emt 0:00:18]} Rc8 {[%emt 0:03:22]} 39. Rg7 {[%emt 0:00:48]} Rce8 {[%emt 0:00:56]} 40. Rgg6 {[%emt 0:00:13]} Rc8 {[%emt 0:00:59]} 41. Rg7 {[%emt 0:00:03]} Rce8 {[%emt 0:00:04]} 42. Rgg6 {[%emt 0:00:50]} 1/2-1/2

[Event "Botvinnik Cup 2018"]
[Site "Moscow"]
[Date "2018.08.11"]
[Round "4"]
[White "Ceres, Dragos"]
[Black "Sevdimaliyev, Urfan"]
[Result "0-1"]
[WhiteElo "2211"]
[BlackElo "2388"]
[Annotator "NA"]
[PlyCount "58"]
[EventDate "2018.08.10"]
[EventCountry "RUS"]
[SourceTitle "playchess.com"]
[Source "ChessBase"]
[SourceQuality "1"]
[TimeControl "5400+30"]

1. e4 {[%emt 0:00:00]} c5 {[%emt 0:01:22]} 2. Nf3 {[%emt 0:00:00]} Nc6 {[%emt 0:00:28]} 3. Bb5 {[%emt 0:00:00]} d6 {[%emt 0:00:10]} 4. O-O {[%emt 0:00:00]} Bd7 {[%emt 0:00:02]} 5. Re1 {[%emt 0:00:12]} Nf6 {[%emt 0:00:48]} 6. c3 {[%emt 0:00:04]} a6 {[%emt 0:01:42]} 7. Bf1 {[%emt 0:00:06]} Bg4 {[%emt 0:00:03]} 8. d4 {[%emt 0:00:08]} cxd4 {[%emt 0:01:14]} 9. cxd4 {[%emt 0:00:12]} e5 {[%emt 0:02:37]} 10. d5 {[%emt 0:00:04]} Nd4 {[%emt 0:01:42]} 11. Be3 {[%emt 0:00:05]} Nxf3+ {[%emt 0:04:28]} 12. gxf3 {[%emt 0:00:07]} Bc8 {[%emt 0:01:11]} 13. Nd2 {[%emt 0:02:29]} Be7 {[%emt 0:00:48]} 14. Qb3 {[%emt 0:01:23]} O-O {[%emt 0:00:54]} 15. a4 {[%emt 0:01:10]} Nh5 {[%emt 0:02:08]} 16. Bb6 {[%emt 0:08:25]} Qe8 {[%emt 0:01:17]} 17. Bc7 {[%emt 0:01:27]} f5 {[%emt 0:03:57]} 18. exf5 {[%emt 0:00:15]} Rxf5 {[%emt 0:02:08]} 19. Ne4 {[%emt 0:00:43]} Qf7 {[%emt 0:01:35]} 20. Ra3 {[%emt 0:01:24]} Nf4 {[%emt 0:01:34]} 21. Ng3 {[%emt 0:01:28]} Rg5 {[%emt 0:01:21]} 22. Kh1 {[%emt 0:03:53]} h5 {[%emt 0:02:02]} 23. h4 {[%emt 0:04:50]} Rg6 {[%emt 0:01:25]} 24. Ne4 {[%emt 0:00:04]} Nh3 {[%emt 0:08:39]} 25. Bxh3 {[%emt 0:03:06]} Bxh3 {[%emt 0:00:16]} 26. Qe3 {[%emt 0:01:16]} Bg2+ {[%emt 0:04:26]} 27. Kh2 {[%emt 0:01:47]} Qf5 {[%emt 0:00:29]} 28. Ng3 {[%emt 0:00:37]} Qh3+ {[%emt 0:00:07]} 29. Kg1 {[%emt 0:00:03]} Bh1 {[%emt 0:01:03]} 0-1

[Event "Botvinnik Cup 2018"]
[Site "Moscow"]
[Date "2018.08.11"]
[Round "4"]
[White "Kirillov, Dmitry"]
[Black "Paichadze, Luka"]
[Result "1-0"]
[WhiteElo "2209"]
[BlackElo "2564"]
[Annotator "TA"]
[PlyCount "113"]
[EventDate "2018.08.10"]
[EventCountry "RUS"]
[SourceTitle "playchess.com"]
[Source "ChessBase"]
[SourceQuality "1"]

{[%evp 17,113,23,18,12,24,1,22,-3,32,0,10,0,8,0,0,0,20,22,23,12,18,-29,-2,-2,46,52,98,90,95,96,89,92,100,81,90,48,79,0,0,-63,83,86,84,98,152,131,140,64,299,83,118,131,365,393,532,516,600,591,1581,1506,1568,185,185,185,198,198,197,193,721,722,722,722,727,727,635,491,491,87,87,87,87,87,80,0,0,0,0,0,0,0,690,551,29969,29968,29986,29987,29991,29992]} 1. e4 c6 2. c4 e5 3. Nf3 d6 4. d4 Nd7 5. Nc3 Ngf6 6. Be2 Be7 7. O-O O-O 8. Re1 a6 9. a4 a5 {LiveBook: 13 Partien. A55: Altindisch} 10. b3 (10. Qc2 exd4 11. Nxd4 Re8 12. Bf4 Bf8 13. Rad1 Qc7 14. Bg3 Nc5 15. Bf3 Nfd7 16. Kh1 g6 17. b3 {1-0 (52) Xiu,D (2534)-Fang,Y (2291) China 2013}) 10... Re8 11. Bf1 Bf8 {Die Stellung ist ausgeglichen.} 12. Ba3 Qc7 13. Qd2 exd4 14. Nxd4 b6 $146 ({Vorgänger:} 14... Nc5 15. Qc2 Qb6 16. Rad1 Bd7 17. Bc1 h6 18. f3 Rad8 19. Be3 Bc8 {½-½ (19) Kaganskiy,G (2341)-Klenburg,M (2348) Tel Aviv 2001}) 15. g3 Nc5 16. Bg2 Bd7 17. Rad1 Rad8 18. Qc2 Bg4 19. Rd2 d5 20. cxd5 cxd5 21. Ncb5 $1 {[%cal Rb5c7]} Qb7 {[%cal Rf6e4]} 22. f3 Bh5 23. e5 $1 Bg6 24. Qd1 Nfd7 25. f4 Be4 26. Qg4 g6 27. Bxe4 (27. Bf1 $16) 27... dxe4 $11 28. Red1 (28. Qe2 $11) 28... h5 (28... e3 $15 29. Rc2 f6) 29. Qe2 $16 Nb8 30. Nc3 $36 {[%mdl 2048] Schwarz steht unter starkem Druck.} Nba6 ({Günstiger ist} 30... f5) 31. Ndb5 $1 Rxd2 32. Rxd2 (32. Qxd2 $16 {Und Sd5 würde nun gewinnen.} Nxb3 33. Qe3 Bxa3 34. Nxa3) 32... Nxb3 $2 (32... Nb4 $14) 33. Rd6 $2 ({Schlechter ist} 33. Nxe4 Nxd2 34. Nf6+ Kh8 $15) (33. Nd6 $1 $18 {[%cal Rd6b7]} Bxd6 34. Rxd6) 33... Nac5 34. Nd5 $1 {[%cal Rd5f6]} Kg7 $2 ({Jedoch nicht} 34... Bxd6 $2 35. Nf6+ Kf8 36. Nxd6) (34... Rc8 $16) 35. Bb2 $18 Bxd6 36. exd6+ Kf8 37. Nbc7 Qc6 {Mit der Idee ...Tc8.} 38. Qc4 {jetzt Dc3 und aus.} Qxa4 39. Qc3 $2 (39. Qxa4 Nxa4 40. Bg7+ $1 {[%mdl 512]} Kxg7 41. Nxe8+ Kf8 42. d7 Nc3 43. d8=Q Nxd5 44. Nf6+ Kg7 45. Nxd5) 39... Qd4+ 40. Qxd4 Nxd4 41. Bxd4 Rd8 42. Nxb6 Nd7 $2 (42... Nb7) 43. Nxd7+ Rxd7 44. Bc5 f5 45. Kf2 Kf7 46. h4 Rd8 47. Ke3 $2 (47. Nd5 $1 $18 {[%cal Rd5b6] und der Rest ist Schweigen.} Rc8 48. d7) 47... Rb8 $16 {Schwarz will ...a4 spielen.} 48. Kd4 $1 {[%cal Rd4d5]} a4 {[#]} 49. Nd5 $1 Ke6 {[#]} 50. Nc3 (50. Kc4 $1 $16) 50... Ra8 $11 51. Nb5 Kd7 {Weiss muss nun ...e3! beachten.} 52. Na3 Rb8 {Und weiter mit ...Tb3 wäre nett.} 53. Nc4 {Droht Kd5 und aus.} Rb3 $2 {[%mdl 8192]} (53... Ke6 $11) 54. Ne5+ $18 Kd8 {zielt auf ...e3 ab.} 55. Kd5 {Weiß setzt Matt.} a3 56. Kc6 Rd3 57. Nxd3 {Precision: Weiß = 56%, Schwarz = 40%.} 1-0

[Event "Botvinnik Cup 2018"]
[Site "Moscow"]
[Date "2018.08.11"]
[Round "4"]
[White "Tsaruk, Maksim"]
[Black "Khusnutdinov, Rustam"]
[Result "1/2-1/2"]
[WhiteElo "2192"]
[BlackElo "2470"]
[Annotator "TA"]
[PlyCount "92"]
[EventDate "2018.08.10"]
[EventCountry "RUS"]
[SourceTitle "playchess.com"]
[Source "ChessBase"]
[SourceQuality "1"]

{[%evp 25,91,0,0,-11,0,0,0,0,19,18,19,19,19,19,18,18,24,0,0,3,3,0,0,0,0,-18,-6,-16,-13,-13,-15,-82,-72,-108,-104,-115,-115,-115,-70,-115,-100,-132,-125,-249,-251,-389,-389,-383,-355,-388,-374,-363,-114,-352,-363,-387,-387,-371,-352,-306,0,0,0,0,0,0,0,0]} 1. e4 c6 2. d4 d5 3. Nc3 dxe4 4. Nxe4 Bf5 5. Ng3 Bg6 6. h4 h6 7. Nf3 e6 8. h5 Bh7 9. Bd3 Bxd3 10. Qxd3 Nf6 11. Bd2 Be7 12. O-O-O O-O 13. Kb1 {B19: Classical Caro-Kann: 4...Bf5 main line} c5 {LiveBook: 57 Games} 14. Bc1 (14. Be3 Nbd7 15. dxc5 Nxc5 16. Qxd8 Rfxd8 17. Ne5 Nd5 18. Bxc5 Bxc5 19. Ne4 Be7 20. c4 Nf6 21. Nxf6+ gxf6 {0-1 (47) Khachiyan,M (2522)-Nakamura,H (2781) chess.com INT 2018}) 14... Nc6 15. Ne4 $1 cxd4 16. Nxd4 Nxd4 17. Qxd4 Qxd4 18. Rxd4 Nxe4 $146 ({Predecessor:} 18... Rfd8 19. Nxf6+ Bxf6 20. Rdd1 Kf8 21. Be3 {½-½ (21) Van Oosten,A (2169)-Kierzek,M (2277) Sabadell 2017}) 19. Rxe4 Rfd8 20. Be3 b5 21. Rd4 Rxd4 22. Bxd4 $11 {[%mdl 4096] Endgame KRB-KRB} a6 23. b3 Rd8 24. Bb6 Rd7 25. a4 Bf6 26. Kc1 bxa4 27. bxa4 Bd4 28. Bxd4 (28. a5 $1 $11 {remains equal.}) 28... Rxd4 {KR-KR} 29. a5 Ra4 30. Kb2 Rxa5 31. c4 Kf8 32. Kb3 Ke7 33. Kb4 Ra2 34. Kc5 (34. f4 $17) 34... Rxf2 $19 35. Kb6 (35. g3 {keeps fighting.}) 35... Rxg2 36. c5 Rb2+ 37. Kc7 e5 {[%cal Be6e5,Be5e4][%mdl 32]} 38. c6 f5 $2 (38... Rc2 $19 {and Black stays clearly on top. ...f5 is the strong threat.} 39. Rb1 e4) 39. Rc1 $2 (39. Rg1 $17) 39... f4 40. Rc3 Rb4 41. Kc8 e4 {White must now prevent ...f3.} 42. c7 {[#]} f3 $2 (42... a5 $1 $19 {And now ...a4 would win.} 43. Rf3 g5 44. Rxf4 e3 45. Rxb4 axb4) 43. Rxf3 $1 $11 {The position is equal.} g6 44. Rg3 gxh5 45. Rb3 $3 {[%mdl 512] [#]} Rc4 {[#]} 46. Rb4 $1 {[%mdl 8704]} Rxb4 {Precision: White = 38%, Black = 67%.} 1/2-1/2